00752nam a2200229Ia 4500003000900000008004100009040001300050040001300063041000800076100002200084245009300106250002200199260002100221260000900242300001100251300001000262490002100272490000600293942000700299999001700306952019900323IT-RoPAU120407s9999 xx 000 0 und d aIT-RoPAU cIT-RoPAU aita aGiorgio Campanini aRealtà e problemi della famiglia contemporanea. Compendio di sociologia della famiglia aCinisello Balsamo aEdizioni Paoline c1989 a219 p. c21 cm aI compendi EP, 2 v1 cBK c29172d29172 00102ddc406301_63000000000000071aPAULUSbPAULUSd2012-04-11l0o301.630r2012-04-11 00:00:00w2012-04-11yBKzInserito da: LuigiG In data: 27 ottobre 2011 fondo: Via A.Severo 56 Progr:30737